TRANSNATIONAL corporations and the distribution of gains in the bauxite/alumina industry of Malaysia

Bibliographic Details
Corporate Author: Economic and Social Commission for Asia and the Pacific (ESCAP)
Format: Book
Published: Bangkok : ESCAP , 1983
Subjects:

MARC

LEADER 00000cam a2200000 7i4500
001 0000001751
005 20011113.0
090 0 0 |a 338.274926   |b TRA 1983 
245 0 0 |a TRANSNATIONAL corporations and the distribution of gains in the bauxite/alumina industry of Malaysia 
260 0 0 |a Bangkok :   |b ESCAP ,   |c 1983 
300 |a iv, 72 p. ;   |c 30 cm. 
650 0 0 |a Aluminium oxide industry   |z Malaysia 
650 0 0 |a Bauxite   |z Malaysia 
650 0 0 |a International business enterprises   |z Malaysia 
710 1 1 |a Economic and Social Commission for Asia and the Pacific (ESCAP) 
998 |a JPSM 
999 |a 0000002711   |b Monograph   |c Open Shelf   |e Default branch